| 000 | 01065nam a2200265Ia 4500 | ||
|---|---|---|---|
| 003 | OSt | ||
| 005 | 20221005104722.0 | ||
| 006 | a|||||r|||| 00| 0 | ||
| 007 | ta | ||
| 008 | 221004b |||||||| |||| 00| 0 hin d | ||
| 020 | _a9789380172323 (pbk) | ||
| 024 | _a27462 | ||
| 037 |
_bGift, 27/07/2016, _cTextual |
||
| 040 |
_aCRL _cCRL _bhin |
||
| 041 |
_2hin _ahin |
||
| 082 | _aV5.N, 152Q0 | ||
| 100 | _aदेवेश विजय, संपा. | ||
| 245 | 0 |
_aआधुनिक यूरोप का इतिहास _b आयाम एवं दिशाएॅं |
|
| 246 | _aĀdhunik yūrop kā itihāsa: āyām evan dishāeॅan | ||
| 260 |
_aदिल्ली _bविश्वविद्यालय हिन्दी माध्यम कार्यान्वय निदेशालय भारत _c2010 |
||
| 300 |
_a968पृ0 _ccm. |
||
| 650 | _aविश्व-इतिहास | ||
| 942 |
_hV5.N, 152Q0 _cTEXL _2cc |
||
| 999 |
_c1013585 _d1013585 |
||